[Event "Annex CC-ch"]
[Site "Toronto CAN"]
[Date "2011.03.21"]
[Round "6"]
[White "Shebetah, Wajdy"]
[Black "Sherman, Joshua"]
[Result "1-0"]
[WhiteElo "2170"]
[BlackElo "1885"]
[PlyCount "100"]
[GameId "2160767909812742"]
[EventDate "2011.02.01"]
[EventType "swiss"]
[EventRounds "6"]
[EventCountry "CAN"]

1. d4 Nf6 2. Bf4 d5 3. e3 c5 4. c3 Nc6 5. Nd2 e6 6. Ngf3 Be7 7. Bd3 O-O 8. Ne5 Qb6 9. Rb1 Re8 10. h4 Nxe5 11. dxe5 Nd7 12. Nf3 Nf8 13. Ng5 g6 14. h5 Bxg5 15. Bxg5 Nd7 16. hxg6 fxg6 17. Bf4 Re7 18. Qg4 Nf8 19. Bh6 Qc7 20. f4 Rf7 21. Qh4 a6 22. Ke2 b6 23. Rbf1 Ra7 24. Rf3 a5 25. Qh3 Qd7 26. Rg3 Ba6 27. Bxa6 Rxa6 28. b3 Qb5+ 29. Kf2 Qd7 30. Bg5 a4 31. Bf6 axb3 32. axb3 Ra2+ 33. Kf3 Qb5 34. Re1 Qd3 35. Rg5 Qe4+ 36. Kg3 Nd7 37. Bd8 Rxf4 38. Qxe6+ Rf7 39. Kh3 Nf8 40. Qg4 Qxg4+ 41. Rxg4 h5 42. Ra4 Rc2 43. Bxb6 Rxc3 44. b4 c4 45. Rd1 Rd7 46. Ra5 d4 47. Bxd4 Rxe3+ 48. Bxe3 Rxd1 49. Bh6 Ne6 50. Ra8+ Kh7 1-0

[Event "Arnprior op"]
[Site "Arnprior CAN"]
[Date "2011.04.30"]
[Round "1"]
[White "Pacey, Kevin"]
[Black "Villeneuve, Luc"]
[Result "1-0"]
[WhiteElo "2294"]
[BlackElo "1751"]
[PlyCount "35"]
[GameId "2160767909704678"]
[EventDate "2011.04.30"]
[EventType "swiss"]
[EventRounds "5"]
[EventCountry "CAN"]

1. d4 f5 2. Nc3 Nf6 3. Bg5 d5 4. Bxf6 exf6 5. e3 c6 6. Bd3 g6 7. Qf3 Be6 8. h3 Bd6 9. g4 fxg4 10. hxg4 Bf7 11. Nge2 Nd7 12. Nf4 Nf8 13. O-O-O Qc7 14. Nfxd5 Bxd5 15. Nxd5 cxd5 16. Qxf6 Rg8 17. Bb5+ Nd7 18. Rxh7 1-0

[Event "Arnprior op"]
[Site "Arnprior CAN"]
[Date "2011.04.30"]
[Round "2"]
[White "Carrier, Claude"]
[Black "Pacey, Kevin"]
[Result "0-1"]
[WhiteElo "2086"]
[BlackElo "2294"]
[PlyCount "96"]
[GameId "2160767909704679"]
[EventDate "2011.04.30"]
[EventType "swiss"]
[EventRounds "5"]
[EventCountry "CAN"]

1. e4 c6 2. d4 d5 3. Nc3 dxe4 4. Nxe4 Bf5 5. Ng3 Bg6 6. Nf3 Nd7 7. h4 h6 8. h5 Bh7 9. Bd3 Bxd3 10. Qxd3 e6 11. Bd2 Ngf6 12. O-O-O Qc7 13. Kb1 O-O-O 14. Qe2 Bd6 15. Ne4 Nxe4 16. Qxe4 Rhe8 17. Qg4 Rg8 18. Rhe1 Nf6 19. Qh3 Bf4 20. g3 Bxd2 21. Rxd2 Qa5 22. Re5 Rd5 23. Rde2 Rgd8 24. c3 Rb5 25. c4 Rxe5 26. Rxe5 Qb4 27. Qf1 Nd7 28. Re3 Nb6 29. Rc3 c5 30. Rb3 Qxc4 31. Qxc4 Nxc4 32. Rc3 Nd6 33. Rxc5+ Kb8 34. Rc3 Ne4 35. Rc2 Nf6 36. Ne5 Rxd4 37. Nxf7 Rd1+ 38. Rc1 Rxc1+ 39. Kxc1 Kc7 40. Kd2 Nxh5 41. Ke3 Nf6 42. Kd4 Kd7 43. Ne5+ Ke7 44. Nd3 g5 45. Ne5 Nd7 46. Nxd7 Kxd7 47. Ke5 h5 48. Kf6 h4 0-1

[Event "Arnprior op"]
[Site "Arnprior CAN"]
[Date "2011.05.01"]
[Round "4"]
[White "Smilovici, Emil"]
[Black "Pacey, Kevin"]
[Result "1/2-1/2"]
[WhiteElo "2026"]
[BlackElo "2294"]
[PlyCount "110"]
[GameId "2160767909704682"]
[EventDate "2011.04.30"]
[EventType "swiss"]
[EventRounds "5"]
[EventCountry "CAN"]

1. e4 Nc6 2. Nf3 d6 3. d4 Nf6 4. Nc3 Bg4 5. Be3 e6 6. h3 Bh5 7. Be2 d5 8. Ne5 Bxe2 9. Qxe2 Nxe4 10. Nxc6 bxc6 11. Nxe4 dxe4 12. Qa6 Qd6 13. O-O g5 14. Qb7 Rd8 15. Bxg5 Be7 16. Bxe7 Kxe7 17. Qxa7 Rhg8 18. Qc5 Qxc5 19. dxc5 Rd2 20. Rac1 e3 21. g4 h5 22. f3 f5 23. Rfd1 hxg4 24. fxg4 fxg4 25. Rxd2 exd2 26. Rd1 gxh3+ 27. Kh2 e5 28. Rxd2 Ke6 29. Kxh3 e4 30. a4 Ke5 31. Rg2 Ra8 32. b3 Kf4 33. Rg7 Kf3 34. Rf7+ Ke2 35. Kg3 e3 36. Re7 Kd2 37. c4 Rb8 38. Kf3 Rxb3 39. a5 Ra3 40. a6 e2+ 41. Kf2 Rxa6 42. Rxe2+ Kd3 43. Re7 Kxc4 44. Rxc7 Kxc5 45. Ke3 Kc4 46. Kd2 c5 47. Kc2 Ra2+ 48. Kc1 Kd4 49. Rh7 Kc3 50. Rh3+ Kb4 51. Rh4+ c4 52. Rh3 Rg2 53. Rf3 Rh2 54. Rg3 c3 55. Rg8 Kb3 1/2-1/2

[Event "Arnprior op"]
[Site "Arnprior CAN"]
[Date "2011.05.01"]
[Round "5"]
[White "Pacey, Kevin"]
[Black "Zhang, Zhiyuan"]
[Result "1/2-1/2"]
[WhiteElo "2294"]
[BlackElo "2101"]
[PlyCount "63"]
[GameId "2160767909704683"]
[EventDate "2011.04.30"]
[EventType "swiss"]
[EventRounds "5"]
[EventCountry "CAN"]

1. e4 c6 2. d4 d5 3. exd5 cxd5 4. c4 Nf6 5. Nc3 e6 6. Nf3 Be7 7. Bd3 dxc4 8. Bxc4 Nc6 9. O-O O-O 10. Re1 a6 11. a4 b6 12. Bg5 Bb7 13. Rc1 h6 14. Be3 Re8 15. Ba2 Nb4 16. Bb1 Rc8 17. Ne5 Bf8 18. Qe2 Qe7 19. Red1 Red8 20. Bf4 Qe8 21. Bg3 Nc6 22. Nf3 Nb4 23. Bh4 Be7 24. Bxf6 Bxf6 25. Be4 Bxe4 26. Qxe4 Qd7 27. Ne5 Bxe5 28. Qxe5 Rc4 29. Qe2 Rdc8 30. Qe3 Nd5 31. Nxd5 Qxd5 32. h3 1/2-1/2

[Event "Battle of Alberta"]
[Site "Red Deer CAN"]
[Date "2011.09.24"]
[Round "1.5"]
[White "Yearwood, Roy"]
[Black "Reeve, Jeff"]
[Result "0-1"]
[WhiteElo "2208"]
[BlackElo "2322"]
[PlyCount "84"]
[GameId "2160767909648264"]
[EventDate "2011.09.24"]
[EventType "team-match"]
[EventRounds "2"]
[EventCountry "CAN"]
[SourceTitle "EXT 2022"]
[Source "ChessBase"]
[SourceDate "2021.10.06"]
[SourceVersion "1"]
[SourceVersionDate "2021.10.06"]
[SourceQuality "1"]

1. e4 c5 2. Nf3 Nc6 3. Bb5 d6 4. O-O Bd7 5. Re1 a6 6. Bf1 Nf6 7. c3 e5 8. d3 Be7 9. Nbd2 O-O 10. Nc4 Re8 11. Ne3 Bf8 12. a3 h6 13. Rb1 Be6 14. c4 b5 15. b3 Nd4 16. Nd2 b4 17. a4 Nd7 18. g3 g6 19. Bg2 h5 20. Nd5 Bh6 21. Nf1 Bxc1 22. Rxc1 Bxd5 23. cxd5 Rf8 24. Ne3 Qe7 25. Bh3 Nf6 26. Rf1 Nh7 27. Rb1 Rad8 28. Kh1 Kg7 29. Rb2 h4 30. f4 hxg3 31. hxg3 Rh8 32. Rh2 Nf6 33. Rff2 Nh5 34. Nf1 Rh7 35. Bg4 Rdh8 36. Bxh5 Rxh5 37. f5 Rxh2+ 38. Nxh2 gxf5 39. exf5 Qg5 40. f6+ Kf8 41. Kg2 Nf5 42. Ng4 Rg8 0-1

[Event "Boxer mem."]
[Site "Winnipeg CAN"]
[Date "2011.05.14"]
[Round "1"]
[White "Boron, Anthony"]
[Black "Afolabi, Damola"]
[Result "1-0"]
[WhiteElo "1985"]
[BlackElo "1507"]
[PlyCount "69"]
[GameId "2160767909704478"]
[EventDate "2011.05.14"]
[EventType "swiss"]
[EventRounds "4"]
[EventCountry "CAN"]
[SourceTitle "EXT 2022"]
[Source "ChessBase"]
[SourceDate "2021.10.06"]
[SourceVersion "1"]
[SourceVersionDate "2021.10.06"]
[SourceQuality "1"]

1. d4 c5 2. d5 Nf6 3. Bg5 g6 4. Nf3 Bg7 5. Nc3 d6 6. e4 a6 7. a4 Bg4 8. Be2 Bxf3 9. Bxf3 Nbd7 10. O-O O-O 11. Qd2 Ne5 12. Be2 Qb8 13. h3 b5 14. axb5 axb5 15. Rxa8 Qxa8 16. Bxb5 Qa7 17. Bh6 Rb8 18. Re1 Qa5 19. Bxg7 Kxg7 20. f4 Ned7 21. Bxd7 Nxd7 22. b3 Qa7 23. Qf2 f6 24. Na4 Nb6 25. Nxb6 Rxb6 26. e5 fxe5 27. fxe5 Rb8 28. exd6 exd6 29. Qe3 Rf8 30. b4 Qf7 31. bxc5 Qxd5 32. Qe7+ Rf7 33. cxd6 Rxe7 34. dxe7 Qc5+ 35. Kh1 1-0

[Event "Boxer mem."]
[Site "Winnipeg CAN"]
[Date "2011.05.14"]
[Round "1"]
[White "Gannon, Keith"]
[Black "Kaptsan, Aron"]
[Result "1/2-1/2"]
[WhiteElo "1612"]
[BlackElo "2002"]
[PlyCount "44"]
[GameId "2160767909704479"]
[EventDate "2011.05.14"]
[EventType "swiss"]
[EventRounds "4"]
[EventCountry "CAN"]
[SourceTitle "EXT 2022"]
[Source "ChessBase"]
[SourceDate "2021.10.06"]
[SourceVersion "1"]
[SourceVersionDate "2021.10.06"]
[SourceQuality "1"]

1. e4 e5 2. Nf3 Nc6 3. Nc3 Nf6 4. Be2 d5 5. exd5 Nxd5 6. Nxd5 Qxd5 7. d3 Bc5 8. O-O O-O 9. Bd2 h6 10. a3 Bf5 11. b4 Bb6 12. c4 Qe6 13. c5 Rfd8 14. cxb6 axb6 15. b5 Nd4 16. Nxd4 Rxd4 17. Be3 Rd7 18. Qc2 Qd6 19. a4 Bxd3 20. Bxd3 Qxd3 21. Qxd3 Rxd3 22. Rfe1 f6 1/2-1/2

[Event "Boxer mem."]
[Site "Winnipeg CAN"]
[Date "2011.05.14"]
[Round "1"]
[White "Greenberg, Harley"]
[Black "Li, Kevin"]
[Result "0-1"]
[WhiteElo "1677"]
[BlackElo "2239"]
[PlyCount "100"]
[GameId "2160767909704480"]
[EventDate "2011.05.14"]
[EventType "swiss"]
[EventRounds "4"]
[EventCountry "CAN"]
[SourceTitle "EXT 2022"]
[Source "ChessBase"]
[SourceDate "2021.10.06"]
[SourceVersion "1"]
[SourceVersionDate "2021.10.06"]
[SourceQuality "1"]

1. d4 Nf6 2. c4 e6 3. Nc3 Bb4 4. e3 c5 5. Bd3 Nc6 6. Nge2 d5 7. a3 cxd4 8. axb4 dxc3 9. bxc3 dxc4 10. Bxc4 Qxd1+ 11. Kxd1 Ne5 12. Bb5+ Bd7 13. Nd4 Bxb5 14. Nxb5 O-O-O+ 15. Ke2 a6 16. Nd4 Ne4 17. Bd2 Nc4 18. Be1 e5 19. Nb3 Rhe8 20. f3 Ned6 21. e4 Nb5 22. Rc1 Rd7 23. Nc5 Rd6 24. Nb3 Red8 25. Na5 Nba3 26. Nxc4 Nxc4 27. Rc2 b6 28. Bf2 Rd2+ 29. Rxd2 Rxd2+ 30. Ke1 Rc2 31. Rg1 Rxc3 32. f4 exf4 33. Bd4 Rc1+ 34. Kf2 Rxg1 35. Kxg1 f6 36. Kf2 Kc7 37. Kf3 Ne5+ 38. Kxf4 Nd3+ 39. Kf5 Nxb4 40. Ke6 Nc6 41. Bb2 Ne5 42. Ke7 h5 43. h4 Ng6+ 44. Kf7 Nxh4 45. Kxg7 Nxg2 46. Kxf6 Kd7 47. Kf7 Nf4 48. Be5 Ne6 49. Kg6 h4 50. Kf5 h3 0-1

[Event "Boxer mem."]
[Site "Winnipeg CAN"]
[Date "2011.05.14"]
[Round "1"]
[White "Leaden, Bruce"]
[Black "Rutter, Blair"]
[Result "0-1"]
[WhiteElo "1400"]
[BlackElo "1868"]
[PlyCount "78"]
[GameId "2160767909704481"]
[EventDate "2011.05.14"]
[EventType "swiss"]
[EventRounds "4"]
[EventCountry "CAN"]
[SourceTitle "EXT 2022"]
[Source "ChessBase"]
[SourceDate "2021.10.06"]
[SourceVersion "1"]
[SourceVersionDate "2021.10.06"]
[SourceQuality "1"]

1. d4 e6 2. c4 Nf6 3. Nc3 d5 4. Bg5 Be7 5. e3 O-O 6. Nf3 c6 7. Bd3 Nbd7 8. Qc2 dxc4 9. Bxc4 Nd5 10. Bxe7 Qxe7 11. O-O f5 12. Rfe1 N7f6 13. Nxd5 exd5 14. Bd3 Ne4 15. Ne5 Be6 16. f3 Nd6 17. Rac1 g6 18. a4 Qg7 19. b4 Rac8 20. Qf2 a6 21. a5 Qe7 22. Rc5 Nf7 23. Rec1 Nxe5 24. dxe5 f4 25. e4 Bf7 26. Qd4 Rcd8 27. exd5 Bxd5 28. Bc4 Be6 29. Bxe6+ Qxe6 30. Qe4 Rd7 31. R1c2 g5 32. Qc4 Kf7 33. Qxe6+ Kxe6 34. Kf2 Rfd8 35. Ke2 Rd5 36. Rxd5 Rxd5 37. Rc5 Rxc5 38. bxc5 Kxe5 39. Kd3 Kd5 0-1

[Event "Boxer mem."]
[Site "Winnipeg CAN"]
[Date "2011.05.14"]
[Round "1"]
[White "Moncal, Nilo"]
[Black "Reimer, Bruce"]
[Result "1-0"]
[WhiteElo "1660"]
[BlackElo "2056"]
[PlyCount "67"]
[GameId "2160767909704482"]
[EventDate "2011.05.14"]
[EventType "swiss"]
[EventRounds "4"]
[EventCountry "CAN"]
[SourceTitle "EXT 2022"]
[Source "ChessBase"]
[SourceDate "2021.10.06"]
[SourceVersion "1"]
[SourceVersionDate "2021.10.06"]
[SourceQuality "1"]

1. e4 Nf6 2. e5 Nd5 3. c4 Nb6 4. d4 d6 5. exd6 cxd6 6. Nc3 g6 7. Be3 Bg7 8. Qd2 O-O 9. Bh6 Re8 10. Bxg7 Kxg7 11. h4 h5 12. O-O-O Bf5 13. Bd3 Qd7 14. Nge2 Bxd3 15. Qxd3 Na6 16. b3 Rac8 17. f3 e5 18. dxe5 Rxe5 19. Qxd6 Qxd6 20. Rxd6 Nxc4 21. bxc4 Rxc4 22. Kb2 Nc5 23. Rhd1 b5 24. R6d4 Rxd4 25. Rxd4 a5 26. Rd5 Na4+ 27. Kc2 Rxd5 28. Nxd5 b4 29. Nd4 Nc5 30. Nc6 Nb7 31. Kb3 Nc5+ 32. Kc4 Nb7 33. Kb5 f5 34. Nxa5 1-0

[Event "Boxer mem."]
[Site "Winnipeg CAN"]
[Date "2011.05.15"]
[Round "1"]
[White "Pang, Michael"]
[Black "Baron, Cody"]
[Result "1-0"]
[WhiteElo "1774"]
[BlackElo "1242"]
[PlyCount "51"]
[GameId "2160767909704483"]
[EventDate "2011.05.14"]
[EventType "swiss"]
[EventRounds "4"]
[EventCountry "CAN"]
[SourceTitle "EXT 2022"]
[Source "ChessBase"]
[SourceDate "2021.10.06"]
[SourceVersion "1"]
[SourceVersionDate "2021.10.06"]
[SourceQuality "1"]

1. e4 Nc6 2. Nf3 e6 3. d4 d5 4. Nc3 Bb4 5. Bd3 Bxc3+ 6. bxc3 f5 7. Bg5 Qd7 8. exf5 h6 9. Bh4 g5 10. fxg6 Qg7 11. Qe2 Nge7 12. Ne5 Nxe5 13. dxe5 Nxg6 14. Bf6 Qf7 15. Bxg6 Qxg6 16. Bxh8 Qxg2 17. Qh5+ Kd7 18. O-O-O Qg5+ 19. Qxg5 hxg5 20. Bf6 g4 21. Rd4 b5 22. Rxg4 Bb7 23. h4 d4 24. Rxd4+ Ke8 25. Rg1 c5 26. Rg8+ 1-0

[Event "Boxer mem."]
[Site "Winnipeg CAN"]
[Date "2011.05.14"]
[Round "2"]
[White "Afolabi, Damola"]
[Black "Leaden, Bruce"]
[Result "1-0"]
[WhiteElo "1507"]
[BlackElo "1400"]
[PlyCount "65"]
[GameId "2160767909704484"]
[EventDate "2011.05.14"]
[EventType "swiss"]
[EventRounds "4"]
[EventCountry "CAN"]
[SourceTitle "EXT 2022"]
[Source "ChessBase"]
[SourceDate "2021.10.06"]
[SourceVersion "1"]
[SourceVersionDate "2021.10.06"]
[SourceQuality "1"]

1. e4 d6 2. d4 Nf6 3. Nc3 g6 4. Bg5 Bg7 5. Bd3 O-O 6. Qd2 e5 7. dxe5 dxe5 8. O-O-O Nc6 9. Nge2 Bg4 10. f3 Be6 11. g4 Nd4 12. Rhf1 Nxe2+ 13. Qxe2 h6 14. Bh4 Qd7 15. Rfe1 c6 16. Bg3 Ne8 17. h4 Nd6 18. h5 g5 19. Bf2 b6 20. Be3 Qc7 21. Qd2 Rad8 22. Bxg5 Nc4 23. Qe2 hxg5 24. Bxc4 Rxd1+ 25. Rxd1 Bxc4 26. Qxc4 Kh7 27. Ne2 c5 28. Ng3 Qe7 29. Nf5 Qe6 30. Qa6 f6 31. Qxa7 Rf7 32. Qa6 Qc6 33. Rd6 1-0

[Event "Boxer mem."]
[Site "Winnipeg CAN"]
[Date "2011.05.14"]
[Round "2"]
[White "Baron, Cody"]
[Black "Greenberg, Harley"]
[Result "0-1"]
[WhiteElo "1242"]
[BlackElo "1677"]
[PlyCount "54"]
[GameId "2160767909704485"]
[EventDate "2011.05.14"]
[EventType "swiss"]
[EventRounds "4"]
[EventCountry "CAN"]
[SourceTitle "EXT 2022"]
[Source "ChessBase"]
[SourceDate "2021.10.06"]
[SourceVersion "1"]
[SourceVersionDate "2021.10.06"]
[SourceQuality "1"]

1. e4 c5 2. d4 cxd4 3. Qxd4 Nc6 4. Qd1 g6 5. Bd3 Bg7 6. c3 d5 7. Be3 Nf6 8. f3 O-O 9. b4 dxe4 10. fxe4 Ng4 11. Ke2 Nxe3 12. Kxe3 Nxb4 13. Nf3 Qb6+ 14. Ke2 Nxd3 15. Qxd3 Rd8 16. Qc2 Bd7 17. Na3 Qa6+ 18. Kf2 Qxa3 19. Qc1 Qc5+ 20. Nd4 Bxd4+ 21. cxd4 Qxd4+ 22. Kf3 Rac8 23. Qd1 Rc3+ 24. Ke2 Qe3+ 25. Kf1 Bb5+ 26. Qe2 Bxe2+ 27. Ke1 Bf3+ 0-1

[Event "Boxer mem."]
[Site "Winnipeg CAN"]
[Date "2011.05.14"]
[Round "2"]
[White "Kaptsan, Aron"]
[Black "Wasserman, Leor"]
[Result "1-0"]
[WhiteElo "2005"]
[BlackElo "1840"]
[PlyCount "57"]
[GameId "2160767909704486"]
[EventDate "2011.05.14"]
[EventType "swiss"]
[EventRounds "4"]
[EventCountry "CAN"]
[SourceTitle "EXT 2022"]
[Source "ChessBase"]
[SourceDate "2021.10.06"]
[SourceVersion "1"]
[SourceVersionDate "2021.10.06"]
[SourceQuality "1"]

1. d4 Nf6 2. c4 g6 3. Nc3 Bg7 4. e4 d6 5. Nf3 Nbd7 6. g3 c5 7. d5 a6 8. Qc2 Rb8 9. Bd2 Ng4 10. Be2 Nde5 11. h3 Nxf3+ 12. Bxf3 Ne5 13. Be2 f5 14. f4 Nf7 15. g4 e6 16. dxe6 Qh4+ 17. Kd1 Bxe6 18. exf5 gxf5 19. gxf5 Bd7 20. Nd5 O-O 21. Be1 Qd8 22. f6 Bxf6 23. Rg1+ Kh8 24. Nxf6 Qxf6 25. Bc3 Ne5 26. fxe5 dxe5 27. Qe4 Rbd8 28. Qxe5 Bc6+ 29. Ke1 1-0

[Event "Boxer mem."]
[Site "Winnipeg CAN"]
[Date "2011.05.14"]
[Round "2"]
[White "Li, Kevin"]
[Black "Boron, Anthony"]
[Result "1/2-1/2"]
[WhiteElo "2239"]
[BlackElo "1985"]
[PlyCount "60"]
[GameId "2160767909704487"]
[EventDate "2011.05.14"]
[EventType "swiss"]
[EventRounds "4"]
[EventCountry "CAN"]
[SourceTitle "EXT 2022"]
[Source "ChessBase"]
[SourceDate "2021.10.06"]
[SourceVersion "1"]
[SourceVersionDate "2021.10.06"]
[SourceQuality "1"]

1. e4 c6 2. d4 d5 3. Nc3 dxe4 4. Nxe4 Bf5 5. Ng3 Bg6 6. Nf3 e6 7. h4 h6 8. Ne5 Bh7 9. c3 Nd7 10. Qf3 Nxe5 11. dxe5 Qd5 12. Qxd5 exd5 13. Be2 Ne7 14. Bg4 Ng6 15. f4 Bc5 16. Nf5 O-O 17. b4 Ne7 18. Nxh6+ gxh6 19. bxc5 Rad8 20. Bf3 d4 21. cxd4 Rxd4 22. Be3 Rd3 23. Bf2 Rfd8 24. O-O Nd5 25. Be2 Rd2 26. Bc4 Nxf4 27. Be3 Rxg2+ 28. Kh1 Rg4 29. Bxf4 Rxh4+ 30. Kg2 Rg4+ 1/2-1/2

[Event "Boxer mem."]
[Site "Winnipeg CAN"]
[Date "2011.05.14"]
[Round "2"]
[White "Pang, Michael"]
[Black "Moncal, Nilo"]
[Result "1-0"]
[WhiteElo "1774"]
[BlackElo "2056"]
[PlyCount "57"]
[GameId "2160767909704488"]
[EventDate "2011.05.14"]
[EventType "swiss"]
[EventRounds "4"]
[EventCountry "CAN"]
[SourceTitle "EXT 2022"]
[Source "ChessBase"]
[SourceDate "2021.10.06"]
[SourceVersion "1"]
[SourceVersionDate "2021.10.06"]
[SourceQuality "1"]

1. e4 e6 2. d4 d5 3. Nc3 Nf6 4. Bg5 Be7 5. e5 Nfd7 6. Bxe7 Qxe7 7. Bd3 O-O 8. Nh3 c5 9. Bxh7+ Kxh7 10. Qh5+ Kg8 11. Ng5 Qxg5 12. Qxg5 cxd4 13. Nb5 Nc6 14. f4 f6 15. exf6 Nxf6 16. O-O-O Ne4 17. Qh4 e5 18. Rhf1 Bd7 19. fxe5 Rxf1 20. Rxf1 Nxe5 21. Nxd4 Rc8 22. c3 Nd3+ 23. Kc2 Nb4+ 24. Kd1 Nd3 25. Qe7 Ndf2+ 26. Ke1 Nd3+ 27. Ke2 Nec5 28. Qf7+ Kh8 29. Nf5 1-0

[Event "Boxer mem."]
[Site "Winnipeg CAN"]
[Date "2011.05.14"]
[Round "2"]
[White "Reimer, Bruce"]
[Black "Gannon, Keith"]
[Result "1-0"]
[WhiteElo "1660"]
[BlackElo "1612"]
[PlyCount "91"]
[GameId "2160767909704489"]
[EventDate "2011.05.14"]
[EventType "swiss"]
[EventRounds "4"]
[EventCountry "CAN"]
[SourceTitle "EXT 2022"]
[Source "ChessBase"]
[SourceDate "2021.10.06"]
[SourceVersion "1"]
[SourceVersionDate "2021.10.06"]
[SourceQuality "1"]

1. c4 c5 2. g3 Nf6 3. Bg2 g6 4. Nc3 Bg7 5. e4 d6 6. Nge2 Nc6 7. O-O O-O 8. d3 Re8 9. h3 a6 10. Be3 Nd7 11. Qd2 Nf8 12. f4 Bd4 13. Bxd4 Nxd4 14. Nxd4 cxd4 15. Ne2 Qb6 16. f5 f6 17. Nf4 g5 18. Nd5 Qd8 19. Bf3 e5 20. h4 Nd7 21. Bh5 Rf8 22. Rf2 b5 23. hxg5 fxg5 24. b3 Bb7 25. f6 h6 26. Ne7+ Kh7 27. Bg6+ Kh8 28. Nf5 Qxf6 29. Bh5 bxc4 30. bxc4 Nc5 31. Bg4 Bc8 32. Raf1 Bxf5 33. Rxf5 Qg7 34. Qf2 Rxf5 35. exf5 Nxd3 36. Qf3 e4 37. Qxe4 Rd8 38. Qxd3 Qe5 39. Rf2 Qe1+ 40. Rf1 Qe5 41. Kg2 Rb8 42. Rf2 a5 43. Re2 Qc5 44. f6 d5 45. f7 Qf8 46. Qxd4+ 1-0

[Event "Boxer mem."]
[Site "Winnipeg CAN"]
[Date "2011.05.15"]
[Round "3"]
[White "Baron, Cody"]
[Black "Pang, Charles"]
[Result "1-0"]
[WhiteElo "1242"]
[BlackElo "1300"]
[PlyCount "68"]
[GameId "2160767909704490"]
[EventDate "2011.05.14"]
[EventType "swiss"]
[EventRounds "4"]
[EventCountry "CAN"]
[SourceTitle "EXT 2022"]
[Source "ChessBase"]
[SourceDate "2021.10.06"]
[SourceVersion "1"]
[SourceVersionDate "2021.10.06"]
[SourceQuality "1"]

1. e4 Nc6 2. Nf3 e5 3. d4 d6 4. Bb5 Bd7 5. Nc3 Nf6 6. Bg5 Be7 7. h3 O-O 8. Qd3 Nb4 9. Qe2 c6 10. Ba4 d5 11. a3 exd4 12. Nxd4 Na6 13. O-O-O c5 14. Bxd7 cxd4 15. Rxd4 Qxd7 16. exd5 Rfe8 17. Qd2 Rad8 18. Bf4 Bc5 19. Rd3 b5 20. b4 Bd6 21. Bg5 h6 22. Bxf6 gxf6 23. Qxh6 Qf5 24. Nxb5 Bf4+ 25. Qxf4 Qxf4+ 26. Kb1 Qxf2 27. g4 Re1+ 28. Rxe1 Qxe1+ 29. Kb2 Qh4 30. d6 Qe1 31. Nxa7 Nxb4 32. axb4 Qxb4+ 33. Kc1 Qf4+ 34. Kd1 Rxd6 1-0

[Event "Boxer mem."]
[Site "Winnipeg CAN"]
[Date "2011.05.15"]
[Round "3"]
[White "Boron, Anthony"]
[Black "Kaptsan, Aron"]
[Result "0-1"]
[WhiteElo "1985"]
[BlackElo "2005"]
[PlyCount "146"]
[GameId "2160767909704491"]
[EventDate "2011.05.14"]
[EventType "swiss"]
[EventRounds "4"]
[EventCountry "CAN"]
[SourceTitle "EXT 2022"]
[Source "ChessBase"]
[SourceDate "2021.10.06"]
[SourceVersion "1"]
[SourceVersionDate "2021.10.06"]
[SourceQuality "1"]

1. e4 e5 2. Nf3 Nc6 3. Bc4 Nf6 4. Ng5 Bc5 5. O-O O-O 6. d3 d6 7. Be3 Bg4 8. Nf3 Bb6 9. h3 Be6 10. Nbd2 Qd7 11. Ng5 Bxc4 12. Nxc4 d5 13. exd5 Nxd5 14. Bxb6 axb6 15. Nf3 Rae8 16. Re1 f6 17. Ne3 Nf4 18. Nf1 Qd5 19. Ng3 Nd4 20. Re3 Qc6 21. c3 Nde6 22. Qf1 Rd8 23. Nf5 Qd7 24. d4 Nd5 25. Ree1 g6 26. Ng3 exd4 27. cxd4 Kg7 28. Qc4 Ndf4 29. Rad1 Qd5 30. b3 Kf7 31. Ne4 c6 32. Kh2 Qh5 33. a4 Rfe8 34. Ng3 Qa5 35. Ne4 Nd5 36. Qc1 Kg7 37. Qc4 f5 38. Ng3 Nef4 39. Rxe8 Rxe8 40. Ne5 Qc3 41. Qxc3 Nxc3 42. Rc1 Ncd5 43. Nf1 Rd8 44. Ne3 Ne2 45. Rd1 Ndc3 46. Rd3 Rxd4 47. Rxd4 Nxd4 48. N5c4 b5 49. axb5 Ncxb5 50. b4 Kf6 51. Na5 Nd6 52. Nac4 Nxc4 53. Nxc4 Ke6 54. f4 b5 55. Ne3 Kd6 56. g4 Ke6 57. Kg3 Ne2+ 58. Kf3 Nc3 59. Kg3 Na2 60. gxf5+ gxf5 61. Nc2 Kd5 62. Kf3 Nc3 63. Ne3+ Ke6 64. Nc2 Nd5 65. Nd4+ Kd7 66. Nxf5 Nxb4 67. Ke4 c5 68. Ne3 Ke6 69. f5+ Kf7 70. Ng4 c4 71. Ne5+ Kf6 72. Nd7+ Ke7 73. Ne5 c3 0-1

[Event "Boxer mem."]
[Site "Winnipeg CAN"]
[Date "2011.05.15"]
[Round "3"]
[White "Gannon, Keith"]
[Black "Leaden, Bruce"]
[Result "1/2-1/2"]
[WhiteElo "1612"]
[BlackElo "1400"]
[PlyCount "88"]
[GameId "2160767909704492"]
[EventDate "2011.05.14"]
[EventType "swiss"]
[EventRounds "4"]
[EventCountry "CAN"]
[SourceTitle "EXT 2022"]
[Source "ChessBase"]
[SourceDate "2021.10.06"]
[SourceVersion "1"]
[SourceVersionDate "2021.10.06"]
[SourceQuality "1"]

1. e4 d6 2. d4 Nf6 3. Nc3 g6 4. Nf3 Bg7 5. Be2 O-O 6. O-O b6 7. Re1 Re8 8. Bd2 Ba6 9. Bxa6 Nxa6 10. a3 c5 11. Be3 Nc7 12. Qd2 e6 13. Bg5 e5 14. dxe5 dxe5 15. Qxd8 Raxd8 16. Bxf6 Bxf6 17. Rad1 a6 18. a4 Bg7 19. h3 f6 20. b3 Bf8 21. Rxd8 Rxd8 22. Rd1 Rxd1+ 23. Nxd1 Kf7 24. Ne1 b5 25. axb5 axb5 26. Nd3 Ke6 27. Kf1 f5 28. exf5+ gxf5 29. f3 h5 30. Ke2 Nd5 31. g3 c4 32. bxc4 bxc4 33. N3b2 Nb6 34. c3 f4 35. gxf4 exf4 36. Nf2 Bg7 37. Ne4 Kd5 38. Kd2 Nd7 39. Kc2 Ne5 40. Nd2 Kc5 41. Na4+ Kb5 42. Nb2 Kc5 43. Ne4+ Kd5 44. Nd2 Kc5 1/2-1/2

[Event "Boxer mem."]
[Site "Winnipeg CAN"]
[Date "2011.05.15"]
[Round "3"]
[White "Greenberg, Harley"]
[Black "Reimer, Bruce"]
[Result "1/2-1/2"]
[WhiteElo "1677"]
[BlackElo "1660"]
[PlyCount "74"]
[GameId "2160767909704493"]
[EventDate "2011.05.14"]
[EventType "swiss"]
[EventRounds "4"]
[EventCountry "CAN"]
[SourceTitle "EXT 2022"]
[Source "ChessBase"]
[SourceDate "2021.10.06"]
[SourceVersion "1"]
[SourceVersionDate "2021.10.06"]
[SourceQuality "1"]

1. d4 Nf6 2. c4 g6 3. Nc3 Bg7 4. Nf3 d6 5. e4 Bg4 6. Be2 O-O 7. O-O e5 8. Be3 exd4 9. Nxd4 Bxe2 10. Qxe2 Re8 11. f3 Nbd7 12. Rac1 a6 13. Rfd1 Qe7 14. b4 c6 15. Nb3 Ne5 16. Na5 d5 17. Bc5 Qc7 18. Na4 Nfd7 19. cxd5 Nxc5 20. Nxc5 b6 21. d6 Qa7 22. d7 Red8 23. Nxc6 Nxc6 24. Nxa6 b5+ 25. Nc5 Bd4+ 26. Kf1 Bxc5 27. Rxc5 Qb6 28. Rd6 Qa7 29. Rcxc6 Rxd7 30. Rxd7 Qxd7 31. Qxb5 Qd1+ 32. Kf2 Rxa2+ 33. Kg3 Qe1+ 34. Kh3 Qd2 35. Rc8+ Kg7 36. Qe5+ Kh6 37. Qg3 Qxb4 1/2-1/2